Statistiques concernant Culture Générale - Série 763

Cliquez ici pour prendre le quiz!

Statistiques générales

  • Ce quiz a été pris 155 fois
  • Le résultat moyen est 5 sur 10

Statistiques - réponses

QuestionRéponse% Correct
Quel mot anglais rimant avec "Fed Cup" désigne une attaque à main armée pour dévaliser une banque ?hold-up
95%
Au jeu de boules, quel verbe, qu'on oppose à tirer, désigne le fait de lancer la boule le plus près du but ?pointer
93%
Comment nomme-t-on l'absence totale du sens de l'ouïe ?surdité
91%
En athlétisme, vous devrez franchir un obstacle appelé “rivière”, si vous courez un 3 000 mètres...Steeple
60%
Quelle est la capitale du Ghana ?Accra
49%
Pour quel ouvrage Margaret Mitchell se vit-elle décerner le prix Pulitzer du roman en 1937 ?Autant en emporte le vent
44%
Complétez le titre du film réalisé en 1983 par Eric Rohmer, "Le rayon ...vert
37%
À quel écrivain doit-on le premier “Manifeste du surréalisme” en 1924 ?André Breton
32%
Complétez le titre du film réalisé en 1961 par Alain Resnais, "L'année dernière à ...Marienbad
22%
En France, quel autre nom a-t-on donné à la révolution de juillet 1830 ?Les Trois Glorieuses
21%

Distribution des résultats

Percentile par nombre de réponses

% des personnes avec chaque résultat

Votre développement - résultats

Vous n’avez pas pris ce quiz